000
00199 a2200097 4500
001
3857
100
_a
Singh, J
245
_a
Text book modern organic
260
_a
_b
Atmaram
_c
090
_c
3088
_d
3088
942
_a
NUST-CAE
_c
M
_c
23202
999
_c
238930
_d
238930